00358nam a2200145Ia 4500008004100000020001500041041001200056082001100068100001700079245005900096250000800155260003300163300000800196650000800204221030s9999 xx 000 0 und d a8126515288 aEnglish a105.23 aR. E. Collin 0aFoundations for Microwave Engineeringcby R. E. Collin a2nd bWiley IndiaaNew Delhic2011 a924 aECE